| 000 | 00879nam a22001937a 4500 | ||
|---|---|---|---|
| 999 |
_c61021 _d61021 |
||
| 005 | 20231207120100.0 | ||
| 008 | 231207s1988 ru ||||| |||| 00| 0 rus d | ||
| 020 | _a5090008892 | ||
| 080 | _a94(37/38)(092) Б-86 | ||
| 100 |
_aБотвинник, М.Н. _920616 |
||
| 245 |
_aЖизнеописания знаменитых греков и Римлян / _c М.Н. Ботвинник, М.Б. Рабинович, Г. А. Стратановский. |
||
| 264 |
_aМ.: _bПросвещение, _c 1988. |
||
| 300 |
_a 166 с.: _bилл. ; _c23 см. |
||
| 653 | _aბერძნებისა და რომაელების ცხოვრება | ||
| 653 | _aისტორია | ||
| 700 |
_aРабинович, М.Б. _eავტორი _920617 |
||
| 700 |
_aСтратановский, Г. А. _eავტორი _920618 |
||
| 942 |
_2udc _cᲬᲘᲒᲜᲘ |
||